[Event "Airthings Masters"]
[Site "chess24.com INT"]
[Date "2021.01.03"]
[EventDate "2020.12.29"]
[Round "3.23"]
[Result "1-0"]
[White "Daniil Dubov"]
[Black "Maxime Vachier-Lagrave"]
[WhiteElo "2702"]
[BlackElo "2784"]
[PlyCount "117"]

1. e4 c5 2. Nf3 d6 3. Bb5+ Bd7 4. Bxd7+ Qxd7 5. c4 Nf6 6. Nc3
g6 7. O-O Bg7 8. d4 cxd4 9. Nxd4 O-O 10. Be3 Rc8 11. b3 Ng4
12. Bg5 h6 13. Bh4 Nc6 14. Nxc6 bxc6 15. Qd2 g5 16. Bg3 Qe6
17. Rac1 Rd8 18. h3 Ne5 19. Qe2 Ng6 20. Rfe1 Be5 21. Nd1 Bxg3
22. fxg3 Qe5 23. Ne3 e6 24. Qf2 h5 25. Rcd1 Qh8 26. Rd2 Rd7
27. Red1 Rad8 28. c5 d5 29. Nc4 h4 30. Nd6 hxg3 31. Qxg3 Qh4
32. Qc3 g4 33. exd5 cxd5 34. Rd4 Qh8 35. hxg4 Qe5 36. Re1 Qg7
37. b4 Rxd6 38. cxd6 Rxd6 39. b5 a6 40. a4 axb5 41. axb5 Rb6
42. Rb1 Qe5 43. Qd2 Kg7 44. Qf2 Qf6 45. Ra4 Qxf2+ 46. Kxf2 Ne5
47. Ke3 Rb7 48. Kd4 Nd7 49. Ra6 Kf6 50. Rc6 Ke7 51. g5 Nb8
52. Kc5 Nd7+ 53. Kb4 Ne5 54. Ra6 Nd3+ 55. Ka5 Ne5 56. b6 Nc6+
57. Kb5 Kd6 58. Ra8 e5 59. Rc1 1-0

[Event "Airthings Masters"]
[Site "chess24.com INT"]
[Date "2021.01.03"]
[EventDate "2020.12.29"]
[Round "3.24"]
[Result "1-0"]
[White "Maxime Vachier-Lagrave"]
[Black "Daniil Dubov"]
[WhiteElo "2784"]
[BlackElo "2702"]
[PlyCount "91"]

1. e4 e5 2. Nf3 Nc6 3. Bb5 a6 4. Ba4 Nf6 5. O-O b5 6. Bb3 Bc5
7. c3 d6 8. d4 Bb6 9. a4 Rb8 10. a5 Ba7 11. h3 Bb7 12. Re1 Ne7
13. Bc2 O-O 14. Nbd2 Ng6 15. Nf1 Re8 16. Ng3 exd4 17. cxd4 c5
18. d5 c4 19. b4 cxb3 20. Bxb3 Nd7 21. Nf5 Nde5 22. Be3 Bxe3
23. Rxe3 Bc8 24. N3d4 Qf6 25. Rc1 Bxf5 26. exf5 Nh4 27. Nc6
Nxf5 28. Rxe5 dxe5 29. Nxb8 Rxb8 30. Rc6 Qd8 31. d6 Nd4
32. Rxa6 b4 33. Ra7 Kh8 34. Rxf7 Nxb3 35. Qxb3 Qxd6 36. Qc4 h6
37. a6 b3 38. Rb7 Ra8 39. a7 b2 40. Qb3 Qd2 41. Rb8+ Kh7
42. Qg8+ Kg6 43. Qe6+ Kg5 44. Qxe5+ Kg6 45. Qe6+ Kg5 46. Rb5+
1-0